00528nam a22001697a 450000500170000001000130001702000240003003500130005403700280006708200110009524501020010626000380020827000420024630000320028850000200032070000180034020110805145219.0 aB-430651 a8185026424c1950.00 aB-430651 bResearchco Book Centre  a709.51 aThe flowering of a foreign faith:cedited by Janet Baker bnew studies in Chinese Buddhist art /  aMumbai bMarg Publications c1998 a24, Himi Mody Street,bMumbaie400001 a148p. c30cm (Hb) bphotos  aIncludes index  a Baker, Janet